| 000 | 00574nam a2200205Ia 4500 | ||
|---|---|---|---|
| 005 | 20221117124334.0 | ||
| 008 | 131103s9999 xx 000 0 und d | ||
| 020 | _cRs.40 | ||
| 040 | _aLoreto College | ||
| 041 | _aEnglish | ||
| 082 |
_a954.03 _bHUT |
||
| 100 | _aHutchins,Francis | ||
| 245 |
_aSpontaneous revolution _b the Quit India Movement _cFrancis G.Hutchins |
||
| 260 |
_aDelhi _bManohar Book Service _c1971 |
||
| 300 | _ax,376 p. | ||
| 504 | _aIncludes index,bibliographical references | ||
| 650 | _aIndia - Modern History | ||
| 850 | _aLCLIB | ||
| 942 | _cBK | ||
| 999 |
_c9787 _d60266 |
||